History Quiz

Random History or Nation Quiz

Cities of the Roman Empire Quiz Stats

 Plays Quiz Updated Oct 14, 2016

Score 0/130 Timer 13:00
4 Plays Today
% Correct
Rome
98.1%
London
90.4%
Florence
89.4%
Paris
84.9%
Naples
73.7%
Genoa
71.7%
Istanbul
67.4%
Milan
65.5%
Athens
64%
Nice
63.2%
Lisbon
63.1%
Marseille
61.5%
Syracuse
60.4%
Vienna
59.6%
Manchester
58.9%
Valencia
58.8%
Damascus
58%
Alexandria
57.3%
Ankara
56.9%
Geneva
55.6%
Lyon
51.7%
Toulouse
50.4%
Bonn
50.3%
Sofia
49.9%
Budapest
49.6%
Córdoba
49.2%
Monaco
48.6%
Tunis
47.1%
Turin
46.4%
Jerusalem
45.9%
Palma
45%
Beirut
44.6%
Cologne
43.4%
Bologna
40.8%
Messina
40.7%
Thessaloniki
39.5%
Tripoli
37.9%
Zürich
36.4%
York
35.5%
Bath
35.5%
Toledo
35.2%
Bari
35.1%
Belgrade
33.9%
Bordeaux
32.1%
% Correct
Palermo
31.8%
Amman
31.6%
Seville
28.9%
Rabat
26.4%
Lausanne
26.1%
Catania
24%
Split
23.9%
Nantes
23.3%
Padua
22.6%
Salzburg
22.5%
Brindisi
21.9%
Pamplona
21.5%
Ljubljana
21.3%
Trieste
19.9%
Izmir
19.9%
Taranto
17.7%
Aleppo
17.6%
Newcastle upon Tyne
17.4%
Linz
17%
Cadiz
16.8%
Strasbourg
16.3%
Tangier
16%
Chester
14.5%
Zaragoza
14.5%
Narbonne
14.4%
Trier
14.1%
Nîmes
14%
Granada
12.9%
Cartagena
12.9%
Rennes
12.6%
Patras
12.5%
Antalya
11.6%
Braga
11.6%
Tarragona
11.4%
Cagliari
11.4%
Gloucester
11.1%
Reims
10.7%
Reggio di Calabria
10.3%
Rouen
10.1%
Brescia
10%
Modena
9.7%
Grenoble
9.6%
Exeter
9.5%
Mainz
9.1%
% Correct
Constantine
8.9%
Varna
8.9%
Hims
8.7%
Leicester
8.7%
Cluj-Napoca
8.5%
Niš
8.1%
Plovdiv
7.9%
Durrës
7.8%
Maastricht
7.5%
Trento
7.5%
Metz
7.3%
Novi Sad
6.7%
Augsburg
6.7%
Faro
6.6%
Constanța
5.2%
Amiens
5.1%
Mérida
5%
Nijmegen
5%
Coimbra
4.8%
Regensburg
4.8%
Zadar
4.6%
Pécs
4.5%
Burgas
4.5%
Santander
4.4%
Latakia
4.4%
Bregenz
4.3%
Kayseri
4.1%
Larnaca
4%
Konya
4%
Limoges
3.8%
Clermont-Ferrand
3.6%
Aosta
3.3%
Celje
3.3%
Győr
3.2%
Tongeren
2.7%
Wiesbaden
2.6%
Ulcinj
2.4%
Osijek
2.3%
Prizren
2.3%
Annaba
2%
Stara Zagora
1.8%
Szombathely
1.6%

You're not logged in!

Compare scores with friends on all Sporcle quizzes.
OR
Log In

Sporcle TV

Today on Sporcle TV


Watch our educational content, quiz creation guides, and fun videos on Sporcle TV.

Show Comments

Extras

Top Quizzes Today


Score Distribution

Your Account Isn't Verified!

In order to create a playlist on Sporcle, you need to verify the email address you used during registration. Go to your Sporcle Settings to finish the process.

Report this User

Report this user for behavior that violates our Community Guidelines.

Details: